| Record ID | ia:shrunkenhead0000caze |
| Source | Internet Archive |
| Download MARC XML | https://archive.org/download/shrunkenhead0000caze/shrunkenhead0000caze_marc.xml |
| Download MARC binary | https://www.archive.org/download/shrunkenhead0000caze/shrunkenhead0000caze_meta.mrc |
LEADER: 04183cam 2201045 i 4500
001 ocm64098322
003 OCoLC
005 20211208175439.0
008 060111s2007 nyua b 000 f eng
010 $a 2006000583
040 $aDLC$beng$cDLC$dBAKER$dTEF$dBTCTA$dGK8$dEHH$dVP@$dSMP$dCQU$dOCLCO$dOCLCA$dOCLCF$dOCLCO$dOCLCQ$dOCLCO$dYDXCP$dCNGUL$dWSB$dOCL$dIMD$dALRCP$dT7F$dPX9$dOCLCQ$dOCLCA$dLKC$dOCLCO$dJX5$dOCLCO$dLIQ$dOCL$dOCLCA$erda$dZGR$dOCLCO
019 $a79432993$a1003767917
020 $a0060730137$q(trade binding)
020 $a9780060730130$q(trade binding)
020 $a0060730145$q(library binding)
020 $a9780060730147$q(library binding)
020 $a9780060730154
020 $a0060730153
020 $a9780329650551
020 $a0329650556
035 $a(OCoLC)64098322$z(OCoLC)79432993$z(OCoLC)1003767917
037 $bJunior Library Guild$nhttp://www.juniorlibraryguild.com
042 $alcac
050 00 $aPZ7.C2985$bShr 2007
082 04 $a[E]$222
084 $aI18$2clc
100 1 $aCazet, Denys,$eauthor,$eillustrator.
245 14 $aThe shrunken head /$cby Denys Cazet.
250 $aFirst edition.
264 1 $aNew York :$bHarperCollins Publishers,$c[2007]
264 4 $c©2007
300 $a48 pages :$bcolor illustrations ;$c24 cm.
336 $atext$btxt$2rdacontent
336 $astill image$bsti$2rdacontent
337 $aunmediated$bn$2rdamedia
338 $avolume$bnc$2rdacarrier
490 1 $aI can read
490 1 $aGrandpa Spanielson's chicken pox stories ;$vstory #3
520 $aAs Barney continues to recover from the chicken pox, Grandpa tells him the story of how Dr. Storkmeyer's head was shrunk during a jungle expedition.
521 1 $a004-008.
526 0 $aAccelerated Reader AR$bLG$c2.0$d0.5$zAccelerated Reader Quiz #112044.
526 0 $aLexile$c460L.
526 0 $aF&P$cK.
586 8 $aA Junior Library Guild selection.
650 0 $aDogs$vJuvenile fiction.
650 0 $aStorytelling$vJuvenile fiction.
650 0 $aChickenpox$vJuvenile fiction.
650 0 $aGrandparents$vJuvenile fiction.
650 0 $aHumorous stories.
650 1 $aDogs$vFiction.
650 1 $aStorytelling$vFiction.
650 1 $aChicken pox$vFiction.
650 1 $aGrandparents$vFiction.
650 1 $aHumorous stories.
650 7 $aDogs$vJuvenile fiction.$2cct
650 7 $aStorytelling$vJuvenile fiction.$2cct
650 7 $aChickenpox$vJuvenile fiction.$2cct
650 7 $aGrandparents$vJuvenile fiction.$2cct
650 7 $aHumorous stories$vJuvenile literature.$2cct
650 7 $aChickenpox.$2fast$0(OCoLC)fst00854093
650 7 $aDogs.$2fast$0(OCoLC)fst00896265
650 7 $aGrandparents.$2fast$0(OCoLC)fst00946374
650 7 $aHumorous stories.$2fast$0(OCoLC)fst00963818
650 7 $aStorytelling.$2fast$0(OCoLC)fst01134169
650 7 $aDogs$vFiction.$2sears
650 7 $aStorytelling$vFiction.$2sears
650 7 $aChickenpox$vFiction.$2sears
650 7 $aGrandparents$vFiction.$2sears
650 7 $aHumorous fiction.$2sears
655 7 $aHigh interest-low vocabulary books.$2fast$0(OCoLC)fst01726639
655 0 $aHumorous stories.
655 1 $aHumorous stories.
655 7 $aHumorous fiction.$2fast$0(OCoLC)fst01726649
655 7 $aFiction.$2fast$0(OCoLC)fst01423787
655 7 $aJuvenile works.$2fast$0(OCoLC)fst01411637
655 7 $aHumorous fiction.$2gsafd
655 7 $aHumorous fiction.$2lcgft
655 7 $aHigh interest-low vocabulary books.$2lcgft
830 0 $aI can read book.
800 1 $aCazet, Denys.$tGrandpa Spanielson's chicken pox stories ;$vstory #3.
938 $aBaker & Taylor$bBKTY$c3.99$d2.99$i0060730153$n0007323985$sactive
938 $aBaker & Taylor$bBKTY$c15.99$d11.99$i0060730137$n0006738366$sactive
938 $aBaker & Taylor$bBKTY$c16.89$d16.89$i0060730145$n0006738367$sactive
938 $aBaker and Taylor$bBTCP$n2006000583
938 $aYBP Library Services$bYANK$n8277921
938 $aYBP Library Services$bYANK$n8277922
029 1 $aAU@$b000040086148
029 1 $aNZ1$b11330646
994 $aZ0$bP4A
948 $hNO HOLDINGS IN P4A - 3042 OTHER HOLDINGS